000 00576nam a22001937a 4500
999 _c193389
_d193389
005 20230317171239.0
010 _aENG-135550
020 _c750.00
_a9789380831138
035 _aEN-119082
037 _bDBAD/PUB
082 _a616
100 _aBanerjee, kaushik
245 _aHandbook for orthopaedics examination:
_bTheory and practical/
_cBy Kaushik banerjee
250 _asixth
260 _bAcademic publishers
_c2016
_akolkata
270 _a5A bhawani dutta lane,
_bkolkatta
_e700073
300 _a288p.
_c24cm(pbk)
942 _2ddc
_cEN
_mBAN
_h616